Rubaiyat of amar khayyam / (Record no. 164282)

MARC details
000 -LEADER
fixed length control field 00435nam a22001577a 4500
005 - DATE AND TIME OF LATEST TRANSACTION
control field 20190515132805.0
010 ## - LCCN (DPL NO)
LC control number A-259068
035 ## - SYSTEM CONTROL NUMBER
System control number A-259068
037 ## - SOURCE OF ACQUISITION
Source of stock number/acquisition Collins London And Glasgow.
082 ## - DEWEY DECIMAL CLASSIFICATION NUMBER
Classification number 881
100 ## - MAIN ENTRY--PERSONAL NAME
Personal name Fitzerald, Edward.
245 ## - TITLE STATEMENT
Title Rubaiyat of amar khayyam /
Statement of responsibility, etc Edward Fitzeralo.
260 ## - PUBLICATION, DISTRIBUTION, ETC. (IMPRINT)
Name of publisher, distributor, etc Collins London And Glasgow.
Date of publication, distribution, etc 1953
300 ## - PHYSICAL DESCRIPTION
Extent 320p
Dimensions 18cm (hbk)
942 ## - ADDED ENTRY ELEMENTS (KOHA)
Source of classification or shelving scheme Dewey Decimal Classification
Item type English Books
Classification part 881
Call number suffix KHA
Holdings
Withdrawn status Lost status Not for loan Collection code Home library Current library Date acquired Full call number Barcode Koha item type Public note
      Non-fiction Sarojini Nagar Sarojini Nagar 15/05/2019 881 KHA A-259068 English Books Withdrawn List Prepared L.No.15/1

© Delhi Public Library
Hit Counter
free hit counter